00871cam a22002291 45000010005000000030008000050050017000130080039000300350018000690350018000870400041001050410008001460820021001541100023001752450065001982600053002633000041003165000175003575000068005326500017006007000024006173584BD-RjUL20211208233744.0131219s1961 xx 000 0 eng a(BD-RjUL)3618 a(OCoLC)855482 aDLCcVtMiMdOCoLCdDLCdBD-RjULbeng aeng00a341.67bAMA 19612 aAmerican Assembly.10aArms control : bissues for the public /cAmerican Assembly. aEnglewood Cliffs, N.J. :bPrentice-Hall,cc1961. axi, 207 p. :bmaps, diagr. ;c22 cm. aPapers prepared for the use of participants in the 19th American Assembly, Arden House, Harriman Campus of Columbia University, May 4-7, 1961, and edited by Louis Henkin. a"Final Report of the Nineteenth American Assembly": p. 201-204. 0aDisarmament.1 aHenkin, Louis,eed.